• 首页
  • 本馆介绍
  • 公告通知
  • 最新文献
  • 馆藏检索
  • 电子资源
  • 读者导购
  • 参考咨询
  • 我的图书馆
  • 登录
  • 详细信息显示
  • 放入我的书架
  • 预约/预借图书
  • 作者相关作品
  • 分类相关作品
  • 丛书相关作品
  • 出版社相关作品

书目信息

  • 表格格式
  • 工作单格式
  • 卡片格式
题名:
说话创新与记忆创新
    
 
作者: 王令文 编写
分册:  
出版信息: 北京   中国人事出版社  1999
页数: 419页
开本: 20cm
丛书名: 学校教育创新理论书系
单 册:
中图分类: G632.46 , G633.3
科图分类:
主题词: 语言艺术--研究--中小学 , 记忆术--研究--中小学
电子资源:
ISBN: 7-80139-409-7
000 00909oam2 2200265 450
001 1572296251
005 20150128200524.17
010    @a7-80139-409-7@dCNY24.00,CNY360.50(全套)
100    @a20001214d1999 em y0chiy0110 ea
101 0  @achi
102    @aCN@b110000
105    @ay z 000yy
200 1  @a说话创新与记忆创新@9shuo hua chuang xin yu ji yi chuang xin@f王令文等编写
210    @a北京@c中国人事出版社@d1999
215    @a419页@d20cm
225 2  @a学校教育创新理论书系
330    @a本书研究了中小学语言艺术和记忆术,分为说话创新与记忆创新两部分,具体包括学会说话、日常交往中、演讲中、论辩中的说话创新以及记忆的条件、原理等。
461  0 @12001 @a学校教育创新理论书系
606 0  @a语言艺术@x研究@x中小学
606 0  @a记忆术@x研究@x中小学
690    @aG632.46@v5
690    @aG633.3@v5
701  0 @a王令文@9wang ling wen@4编写
801  0 @aCN@bTSSF@c20150128
905    @aZUCC@dG632.46@eJY6
    
    说话创新与记忆创新/王令文等编写.-北京:中国人事出版社,1999
    419页;20cm.-(学校教育创新理论书系)
    
    
    ISBN 7-80139-409-7:CNY24.00,CNY360.50(全套)
    本书研究了中小学语言艺术和记忆术,分为说话创新与记忆创新两部分,具体包括学会说话、日常交往中、演讲中、论辩中的说话创新以及记忆的条件、原理等。
●
相关链接 在E读中查询图书 在五车中查询图书 在当当中查询图书 在豆瓣中查询图书


正题名:说话创新与记忆创新     索取号:G632.46/JY6         预约/预借

序号 登录号 条形码 馆藏地/架位号 状态 备注
1 7860309   278603094   学院路分馆/ [索取号:G632.46/JY6] 在馆    
唐山师范学院图书馆 欢迎您!
大连网信软件有限公司© 版权所有